| 000 | 00708cam a2200193 4500 | ||
|---|---|---|---|
| 001 | WB3612-03 | ||
| 008 | 000000n2000 000 0 eng u | ||
| 035 | _a(Sirsi) u104975 | ||
| 245 | _aMulti-media call centre jobs for London | ||
| 260 | _c2000 | ||
| 490 |
_aEvening Standard _v 22 March 2000, 22(1) |
||
| 520 | _aA new report suggests that call centres will be replaced over the next year by multi-media customer interaction centres. London's large number of call centres and internet-based companies will place it at the centre of this revolution. | ||
| 590 | _aWB | ||
| 650 | _aCALL CENTRES | ||
| 650 | _aMULTIMEDIA | ||
| 650 | _aLONDON | ||
| 690 | _aPROPERTY-COMMERCIAL PROPERTY | ||
| 942 | _n0 | ||
| 999 |
_c62967 _d62967 |
||